Statistiques concernant Culture Générale - Série 830

Cliquez ici pour prendre le quiz!

Statistiques générales

  • Ce quiz a été pris 146 fois
  • Le résultat moyen est 7 sur 10

Statistiques - réponses

QuestionRéponse% Correct
Qu'il soit classique ou contemporain, dans quel art s'illustre Marie-Claude Pietragalla ?danse
94%
A quel écrivain tchèque se rapporte l'adjectif "kafkaïen" ?Franz Kafka
90%
Qu'est-ce qui peut être d'orchestre ou septique ?fosse
84%
Quelle artiste est l'interprète du tube : "Tata Yoyo", en 1980 ?Annie Cordy
76%
En médecine, quelle locution latine signifiant : "dans le verre", oppose-t-on à "in vivo" ?in vitro
70%
En 1871, à quel compositeur italien doit-on l'opéra "Aïda" ?Giuseppe Verdi
63%
D'après le titre d'un roman de Balzac, où se trouve le lys ?dans la vallée
60%
En 1999, pour quelle actrice Hugh Grant a-t-il un "Coup de foudre à Notting Hill" ?Julia Roberts
58%
Dans quel opéra de Mozart de 1791, retrouve-t-on les personnages de Tamino et de la belle Pamina ?La Flûte enchantée
41%
En 1965, quel artiste américain chante “When A Man Loves A Woman” ?Percy Sledge
19%

Distribution des résultats

Percentile par nombre de réponses

% des personnes avec chaque résultat

Votre développement - résultats

Vous n’avez pas pris ce quiz